Súčasná stratégia NATO Rozhodujúci vojenskopolitický subjekt v systéme medzinárodnej bezpečnosti

Bibliographic Details
Main Author: Tomáš, Emil, 1940- (Author)
Format: Article
Language:Slovak
PhysicalDescription:Obr. 1
Subjects:

MARC

LEADER 00000nab a2200000 a 4500
001 vtls000585385
003 SK-MaSNL
005 20260303011433.0
008 120930c1996 xo 0 slo
015 |a SNBRB19rr/mm-uuuuu 
035 |a CL0585524 
040 |a SNKBUCL  |b slo  |c SNKBUCL  |e AACR2 
041 0 |a slo 
044 |a xo  |c SK 
080 |a 327.51(100)  |2 1981 
100 1 |a Tomáš, Emil,  |d 1940-  |4 aut  |9 38981 
245 1 0 |a Súčasná stratégia NATO  |b Rozhodujúci vojenskopolitický subjekt v systéme medzinárodnej bezpečnosti  |c Emil Tomáš 
300 |b Obr. 1 
650 0 7 |a NATO  |2 snkbucl  |9 145807 
655 7 |a články z novín a časopisov  |2 snkbucl  |9 267496 
773 0 |t Slovenská republika  |g Roč. 4, č. 130 (5. 6. 1996), s. 6 
850 |a Slovenská národná knižnica v Martine  |a MTA001 
852 |a SNK  |b KIS3GCP 
958 |a RK 
992 |a RBX 
999 |c 1592093  |d 1594023